| 000 | 00503nam a2200157Ia 4500 | ||
|---|---|---|---|
| 008 | 231217s9999 xx 000 0 und d | ||
| 041 | _aEnglish | ||
| 082 | _a510.02462 CHA.3 | ||
| 100 | _aChandrasekharaiah, D S | ||
| 245 | 0 | _aEngineering mathematics Pt.3 : For third sem B E Classes ( All branches except CSE and ISE VTU syllabus) | |
| 250 | _a2nd ed. | ||
| 260 |
_c2000 _bPrism _aBangalore |
||
| 300 | _a560 | ||
| 650 | _aEngineering,mathematics,Pt.3,:,third,semester,B,E,Classes | ||
| 942 | _cAA | ||
| 999 |
_c173121 _d173121 |
||